[Event "European Rapid 2016"]
[Site "Tallinn EST"]
[Date "2016.12.15"]
[Round "1.2"]
[White "Sakhvadze, Georgy"]
[Black "Navara, David"]
[Result "0-1"]
[BlackTitle "GM"]
[WhiteElo "2060"]
[BlackElo "2725"]
[WhiteFideId "24148296"]
[BlackFideId "309095"]
[EventDate "2016.12.15"]

1. Nf3 c5 2. g3 g6 3. Bg2 Bg7 4. O-O Nc6 5. e4 Nf6 6. Nc3 O-O 7. d4 cxd4 8. Nxd4
Nxe4 9. Nxc6 Nxc3 10. Nxd8 Nxd1 11. Nxf7 Nxb2 12. Nh6+ Kh8 13. Rb1 Na4 14. Bg5
Nc3 15. Rb3 Ne2+ 16. Kh1 Nd4 17. Rd3 Nxc2 18. Bxe7 Bxh6 19. Bxf8 Bxf8 20. Rc1
Nb4 21. Rf3 Kg7 22. Rc4 d5 23. Rc7+ Kg8 24. Rff7 Na6 25. Rxc8 Rxc8 26. Bxd5 Kh8
27. Rxb7 Rc7 28. Rb3 Nb4 29. Be6 Rc6 30. Bd7 Rd6 31. Bh3 Rd2 32. a3 Nd3 33. Kg1
Nxf2 0-1

[Event "European Rapid 2016"]
[Site "Tallinn EST"]
[Date "2016.12.15"]
[Round "1.4"]
[White "Hartio, Ilkka"]
[Black "Wojtaszek, Radoslaw"]
[Result "0-1"]
[BlackTitle "GM"]
[WhiteElo "2020"]
[BlackElo "2749"]
[WhiteFideId "501549"]
[BlackFideId "1118358"]
[EventDate "2016.12.15"]

1. Nf3 c5 2. c4 Nc6 3. d4 cxd4 4. Nxd4 Nf6 5. Nc3 e6 6. a3 Be7 7. e4 O-O 8. Be2
b6 9. Nxc6 dxc6 10. Qxd8 Rxd8 11. Be3 e5 12. O-O Be6 13. h3 Nd7 14. b4 a5 15. b5
cxb5 16. Nxb5 Bc5 17. Nc7 Rac8 18. Nxe6 fxe6 19. Bg5 Nf6 20. a4 Rd4 21. Bxf6
gxf6 22. Bg4 Kf7 23. Rfd1 Rxe4 24. Rd7+ Be7 25. Rb1 f5 26. Bh5+ Kf6 27. Rxb6 Rd4
28. Rxd4 exd4 29. Be2 Bc5 30. Rb5 e5 31. g4 Rc7 32. Kf1 e4 33. gxf5 Kxf5 34.
Rxa5 d3 35. Bg4+ Ke5 36. Ra8 Rf7 37. Re8+ Kd4 38. Rd8+ Kc3 39. f3 e3 0-1

[Event "European Rapid 2016"]
[Site "Tallinn EST"]
[Date "2016.12.15"]
[Round "1.5"]
[White "Onischuk, Vladimir"]
[Black "Rozhko, Mariya"]
[Result "1-0"]
[WhiteTitle "GM"]
[BlackTitle "WFM"]
[WhiteElo "2601"]
[BlackElo "2099"]
[WhiteFideId "14114038"]
[BlackFideId "4171314"]
[EventDate "2016.12.15"]

1. e4 d6 2. d4 Nf6 3. Nc3 g6 4. Be2 Bg7 5. h4 h5 6. Nf3 c6 7. Ng5 Nbd7 8. e5
dxe5 9. dxe5 Nh7 10. e6 Ne5 11. Qxd8+ Kxd8 12. exf7 Nxg5 13. Bxg5 Nxf7 14.
O-O-O+ Ke8 15. Bf4 e5 16. Be3 Bf5 17. Bc4 Ke7 18. a4 b6 19. a5 Bh6 20. Bxh6 Rxh6
21. Rhe1 Be6 22. Bd3 Kf6 23. Ne4+ Kg7 24. Ng5 Bd5 25. c4 Bxg2 26. Rg1 e4 27. Be2
Bf3 28. Bxf3 exf3 29. Rd7 Rf8 30. Ne6+ Kg8 31. Nxf8 Kxf8 32. a6 Ne5 33. Rxa7
Nd3+ 34. Kb1 Nxf2 35. Rb7 Ne4 36. a7 1-0

[Event "European Rapid 2016"]
[Site "Tallinn EST"]
[Date "2016.12.15"]
[Round "1.6"]
[White "Tishova, Svetlana"]
[Black "Movsesian, Sergei"]
[Result "0-1"]
[WhiteTitle "FM"]
[BlackTitle "GM"]
[WhiteElo "2214"]
[BlackElo "2673"]
[WhiteFideId "24173550"]
[BlackFideId "310204"]
[EventDate "2016.12.15"]

1. e4 c5 2. Nf3 e6 3. c4 Nc6 4. Nc3 Qb6 5. Be2 Nd4 6. O-O Ne7 7. Na4 Qc7 8. Nxd4
cxd4 9. f4 Nc6 10. b3 Be7 11. Nb2 O-O 12. Nd3 b6 13. Bb2 Bb7 14. Bf3 a5 15. Qe2
a4 16. Rab1 f6 17. e5 f5 18. Ne1 axb3 19. axb3 Ra2 20. Nc2 Bc5 21. d3 Rfa8 22.
Bxc6 Qxc6 23. b4 Be7 24. Nxd4 Qa4 25. Ra1 Qxb4 26. Rxa2 Rxa2 27. Rb1 Bc5 28. Qf2
Rxb2 29. Rxb2 Qc3 0-1

[Event "European Rapid 2016"]
[Site "Tallinn EST"]
[Date "2016.12.15"]
[Round "1.8"]
[White "Boytsov, Alexander"]
[Black "Kovalenko, Igor"]
[Result "0-1"]
[BlackTitle "GM"]
[WhiteElo "1931"]
[BlackElo "2684"]
[WhiteFideId "24177113"]
[BlackFideId "14117908"]
[EventDate "2016.12.15"]

1. Nf3 c5 2. g3 Nc6 3. Bg2 e5 4. d3 d5 5. c4 d4 6. O-O Bd6 7. Ng5 Nf6 8. Nd2 O-O
9. Nde4 Be7 10. f4 Nxe4 11. Bxe4 h6 12. Nf3 exf4 13. Bxc6 bxc6 14. Bxf4 Bh3 15.
Rf2 Re8 16. Ne5 Bf6 17. Nf3 Re6 18. Ne1 Qe7 19. Ng2 Re8 20. Kf1 g5 21. Bd2 Bg4
22. Qb3 Rxe2 23. Re1 Rxe1+ 24. Nxe1 Bh3+ 25. Kg1 Qxe1+ 0-1

[Event "European Rapid 2016"]
[Site "Tallinn EST"]
[Date "2016.12.15"]
[Round "1.11"]
[White "Naiditsch, Arkadij"]
[Black "Olsen, Filip Boe"]
[Result "1-0"]
[WhiteTitle "GM"]
[BlackTitle "FM"]
[WhiteElo "2687"]
[BlackElo "2157"]
[WhiteFideId "4650891"]
[BlackFideId "1440640"]
[EventDate "2016.12.15"]

1. e4 c6 2. d4 d5 3. exd5 cxd5 4. c4 Nf6 5. Nc3 Nc6 6. Bg5 dxc4 7. Bxc4 h6 8.
Bh4 Qxd4 9. Qxd4 Nxd4 10. O-O-O e5 11. f4 Bg4 12. Nf3 Nxf3 13. Bb5+ Ke7 14. gxf3
Bxf3 15. fxe5 Bxh1 16. exf6+ gxf6 17. Rxh1 a6 18. Re1+ Kd6 19. Bc4 f5 20. Bxf7
Bg7 21. Re6+ Kd7 22. Nd5 Rac8+ 23. Kb1 Rc6 24. Re7+ Kd6 25. Bg3+ Kc5 26. Rxb7
Rd8 27. Bf2+ Kd6 28. Ne7 Rc7 29. Nxf5+ Kc6 30. Rb6+ Kd7 31. Rd6+ Kc8 32. Be6+ 1-0

[Event "European Rapid 2016"]
[Site "Tallinn EST"]
[Date "2016.12.15"]
[Round "1.12"]
[White "Tominga, Ago"]
[Black "Neiksans, Arturs"]
[Result "0-1"]
[BlackTitle "GM"]
[WhiteElo "1838"]
[BlackElo "2631"]
[WhiteFideId "4504127"]
[BlackFideId "11601388"]
[EventDate "2016.12.15"]

1. e4 c5 2. Nc3 Nc6 3. g3 e6 4. Bg2 Nf6 5. d3 d5 6. Bg5 d4 7. Nce2 Be7 8. Nf3
O-O 9. O-O e5 10. Nd2 Ne8 11. Bxe7 Qxe7 12. a4 Nd6 13. f4 f6 14. h3 Be6 15. f5
Bf7 16. g4 c4 17. Nf3 Nb4 18. Qd2 a5 19. h4 Rac8 20. Rfc1 Rc7 21. Kh2 Rfc8 22.
Ne1 cxd3 23. cxd3 Bb3 24. Rxc7 Rxc7 25. Ng3 b6 26. g5 Nc2 27. Nh5 Nxa1 28. gxf6
gxf6 29. Qh6 Ne8 30. Nf3 Qf8 0-1

[Event "European Rapid 2016"]
[Site "Tallinn EST"]
[Date "2016.12.15"]
[Round "1.13"]
[White "Riazantsev, Alexander"]
[Black "Vitale, Romualdo"]
[Result "1-0"]
[WhiteTitle "GM"]
[WhiteElo "2671"]
[BlackElo "1869"]
[WhiteFideId "4125029"]
[BlackFideId "862134"]
[EventDate "2016.12.15"]

1. d4 Nf6 2. Nf3 c5 3. e3 g6 4. dxc5 Qa5+ 5. Nbd2 Qxc5 6. a3 Bg7 7. b4 Qc7 8.
Bb2 O-O 9. c4 b6 10. Be2 Bb7 11. O-O d6 12. Nd4 a6 13. Bf3 Nbd7 14. Rc1 Rac8 15.
Qe2 Ne5 16. Bxb7 Qxb7 17. f4 Neg4 18. h3 Nh6 19. g4 Ne4 20. Qg2 Nc5 21. bxc5
Qxg2+ 22. Kxg2 bxc5 23. g5 Nf5 24. Nxf5 Bxb2 25. Nxe7+ Kg7 26. Nxc8 Bxc1 27.
Rxc1 Rxc8 28. Rb1 1-0

[Event "European Rapid 2016"]
[Site "Tallinn EST"]
[Date "2016.12.15"]
[Round "1.14"]
[White "Feldmanis, Arturs"]
[Black "Mamedov, Rauf"]
[Result "0-1"]
[BlackTitle "GM"]
[WhiteElo "1752"]
[BlackElo "2688"]
[WhiteFideId "11610794"]
[BlackFideId "13401653"]
[EventDate "2016.12.15"]

1. d4 g6 2. c4 Bg7 3. Nc3 d6 4. e4 Nc6 5. d5 Nd4 6. Be3 c5 7. Bd3 e5 8. dxe6
Bxe6 9. Nge2 Ne7 10. O-O O-O 11. Nf4 Nec6 12. Nfd5 Ne5 13. Bxd4 cxd4 14. Ne2
Bxd5 15. exd5 Qb6 16. b3 a5 17. a4 Rfe8 18. h3 Re7 19. Rb1 Rae8 20. Ng3 Nd7 21.
Qd2 Nc5 22. Qc2 Qb4 23. h4 Be5 24. h5 Bxg3 25. fxg3 Qc3 26. Qxc3 dxc3 27. Bc2
Re3 28. hxg6 hxg6 29. Rf6 Rxg3 30. Kh2 Rg5 31. Rbf1 Re2 32. R1f2 Rh5+ 33. Kg3
Rxc2 0-1

[Event "European Rapid 2016"]
[Site "Tallinn EST"]
[Date "2016.12.15"]
[Round "1.15"]
[White "Najer, Evgeniy"]
[Black "Narva, Triin"]
[Result "1-0"]
[WhiteTitle "GM"]
[BlackTitle "WFM"]
[WhiteElo "2679"]
[BlackElo "2110"]
[WhiteFideId "4118987"]
[BlackFideId "4502680"]
[EventDate "2016.12.15"]

1. e4 d6 2. d4 Nf6 3. Nc3 e5 4. Nf3 Nbd7 5. Bc4 Be7 6. O-O O-O 7. a4 c6 8. Ba2
Rb8 9. Be3 Ng4 10. Bd2 b5 11. axb5 cxb5 12. Nd5 Nb6 13. Nxe7+ Qxe7 14. Bb4 Nc4
15. h3 a5 16. Bc3 Nf6 17. Bxc4 bxc4 18. Re1 Rd8 19. Rxa5 exd4 20. Qxd4 Be6 21.
Nh4 Ne8 22. Nf5 Bxf5 23. exf5 Qg5 24. h4 Qh6 25. Qxc4 Rbc8 26. Qg4 Nf6 27. Qg5
Nd7 28. Qxh6 gxh6 29. Re3 1-0

[Event "European Rapid 2016"]
[Site "Tallinn EST"]
[Date "2016.12.15"]
[Round "1.16"]
[White "Bondarenko, Dmitry"]
[Black "Alekseev, Evgeny"]
[Result "0-1"]
[BlackTitle "GM"]
[WhiteElo "1944"]
[BlackElo "2632"]
[WhiteFideId "34105708"]
[BlackFideId "4138147"]
[EventDate "2016.12.15"]

1. d4 Nf6 2. Nf3 d5 3. c3 Bf5 4. Bg5 e6 5. Bxf6 gxf6 6. Nh4 Bg6 7. e3 c5 8. Bb5+
Nc6 9. Nxg6 hxg6 10. Qa4 Qb6 11. Nd2 Rc8 12. Nb3 c4 13. Nd2 a6 14. Bxc6+ Rxc6
15. Qc2 Qc7 16. Nf3 g5 17. g3 g4 18. Nh4 f5 19. f4 gxf3 20. O-O Bd6 21. Rxf3 Be7
22. Ng2 b5 23. a3 a5 24. Nf4 Qd7 25. Raf1 Kd8 26. Ng2 Qd6 27. Nf4 Ra6 28. Ra1
Kc7 29. Kg2 Rha8 30. Rff1 Qc6 31. Qe2 Rh8 32. Kg1 Kd7 33. Ng2 Raa8 34. Rf4 b4
35. axb4 axb4 36. Rff1 Ra4 37. Rxa4 Qxa4 38. Qd1 Qa2 39. Qa1 Ra8 40. Qxa2 Rxa2
41. Rf2 b3 42. h4 Ke8 43. Ne1 Ba3 44. h5 Kf8 45. Rh2 Rxb2 46. Rh1 Re2 47. Kf1 b2
48. Kxe2 b1=Q 49. h6 Kg8 50. h7+ Kh8 51. Rh4 Be7 52. Rh3 Qb2+ 0-1

[Event "European Rapid 2016"]
[Site "Tallinn EST"]
[Date "2016.12.15"]
[Round "1.17"]
[White "Matlakov, Maxim"]
[Black "Heinmets, Tonu"]
[Result "1-0"]
[WhiteTitle "GM"]
[WhiteElo "2694"]
[BlackElo "1886"]
[WhiteFideId "4168003"]
[BlackFideId "4500962"]
[EventDate "2016.12.15"]

1. e4 d6 2. d4 Nf6 3. Nc3 Nbd7 4. f4 e5 5. Nf3 Be7 6. dxe5 dxe5 7. fxe5 Ng4 8.
Bf4 Bc5 9. Bg5 Be7 10. Bf4 Bc5 11. Bc4 Ne3 12. Bxe3 Bxe3 13. Qd3 Bf4 14. O-O Qe7
15. Nd5 Qc5+ 16. Kh1 Bxe5 17. Nxe5 Nxe5 18. Qg3 Nxc4 19. Nxc7+ Kf8 20. Nxa8 Ne5
21. Rad1 Qe7 22. Rd5 1-0

[Event "European Rapid 2016"]
[Site "Tallinn EST"]
[Date "2016.12.15"]
[Round "1.18"]
[White "Konopka, Jeremiasz"]
[Black "Shirov, Alexei"]
[Result "0-1"]
[BlackTitle "GM"]
[WhiteElo "1967"]
[BlackElo "2673"]
[WhiteFideId "640948"]
[BlackFideId "2209390"]
[EventDate "2016.12.15"]

1. e4 c5 2. Nf3 Nc6 3. c4 e5 4. Nc3 d6 5. h3 f5 6. exf5 Bxf5 7. d3 Be7 8. Be2 h6
9. Be3 Nd4 10. Qd2 Nf6 11. g4 Bh7 12. g5 hxg5 13. Nxg5 Bf5 14. O-O-O d5 15. f4
dxc4 16. fxe5 Nd5 17. Nxd5 Qxd5 18. dxc4 Qxe5 19. Bxd4 Qxd4 20. Qxd4 Bxg5+ 21.
Qd2 Bxd2+ 22. Rxd2 Rd8 23. h4 Ke7 24. Bf3 Rxd2 25. Kxd2 b6 26. Ke3 Kf6 27. Kf4
Rxh4+ 28. Rxh4 g5+ 29. Kg3 gxh4+ 30. Kxh4 Ke5 31. Kg5 Bd3 32. Bd5 Kd4 33. b3 Bb1 0-1

[Event "European Rapid 2016"]
[Site "Tallinn EST"]
[Date "2016.12.15"]
[Round "1.19"]
[White "Motylev, Alexander"]
[Black "Ruotanen, Helge"]
[Result "1-0"]
[WhiteTitle "GM"]
[WhiteElo "2663"]
[BlackElo "1934"]
[WhiteFideId "4121830"]
[BlackFideId "501883"]
[EventDate "2016.12.15"]

1. e4 g6 2. d4 Bg7 3. Nc3 d6 4. Bg5 Nc6 5. Nge2 h6 6. Bh4 Nf6 7. Qd2 g5 8. Bg3
Bg4 9. f3 Bh5 10. O-O-O e5 11. dxe5 dxe5 12. Qe3 Qc8 13. Nd5 O-O 14. Nec3 Re8
15. h4 g4 16. Nxf6+ Bxf6 17. Qxh6 Bg6 18. h5 Bg7 19. Qg5 Re6 20. Bc4 Rf6 21.
hxg6 1-0

[Event "European Rapid 2016"]
[Site "Tallinn EST"]
[Date "2016.12.15"]
[Round "1.20"]
[White "Timoshin, Andrei"]
[Black "Halkias, Stelios"]
[Result "0-1"]
[BlackTitle "GM"]
[WhiteElo "1860"]
[BlackElo "2585"]
[WhiteFideId "4503503"]
[BlackFideId "4201809"]
[EventDate "2016.12.15"]

1. e4 e5 2. Nf3 Nc6 3. Nc3 Nf6 4. d4 exd4 5. Nxd4 Bb4 6. Nxc6 bxc6 7. Bd3 d5 8.
exd5 cxd5 9. O-O O-O 10. h3 c6 11. Qf3 Rb8 12. Bf4 Bd6 13. b3 Rb4 14. Bxd6 Qxd6
15. Ne2 Re8 16. c3 Rb8 17. Rfe1 Bd7 18. Nd4 c5 19. Nf5 Bxf5 20. Bxf5 g6 21. Bc2
Kg7 22. Rad1 Re5 23. Rxe5 Qxe5 24. Qe3 Qd6 25. Qd2 h5 26. a4 a6 27. Qg5 Re8 28.
Qd2 Rb8 29. Qg5 a5 30. Qe3 Re8 31. Qd2 Qe5 32. Bd3 h4 33. Bb5 Re6 34. Bd3 Nh5
35. c4 d4 36. Qxa5 Nf4 37. Bf1 Qg5 38. Kh1 Re2 39. Qa8 Rxf2 40. Qe4 Qg3 41. Qe5+
Kh7 42. Qe4 Nxh3 43. Qd3 Rxf1+ 44. Qxf1 Nf2+ 45. Kg1 h3 46. Qxf2 h2+ 47. Kf1
h1=Q+ 48. Ke2 Qxf2+ 0-1

[Event "European Rapid 2016"]
[Site "Tallinn EST"]
[Date "2016.12.15"]
[Round "1.21"]
[White "Vitiugov, Nikita"]
[Black "Fargere, Jacky"]
[Result "1-0"]
[WhiteTitle "GM"]
[WhiteElo "2726"]
[BlackElo "1998"]
[WhiteFideId "4152956"]
[BlackFideId "625205"]
[EventDate "2016.12.15"]

1. e4 c5 2. Nf3 Nc6 3. Bb5 g6 4. O-O Bg7 5. Nc3 e6 6. Bxc6 bxc6 7. e5 Ne7 8. Ne4
O-O 9. Nxc5 d5 10. d4 Rb8 11. b3 Qb6 12. Bg5 Re8 13. Qd2 Nf5 14. g4 Ne7 15. Bf6
Kh8 16. Qh6 Rg8 17. Ng5 1-0

[Event "European Rapid 2016"]
[Site "Tallinn EST"]
[Date "2016.12.15"]
[Round "1.22"]
[White "Dudin, Gleb"]
[Black "Bartel, Mateusz"]
[Result "0-1"]
[BlackTitle "GM"]
[WhiteElo "2057"]
[BlackElo "2641"]
[WhiteFideId "34184934"]
[BlackFideId "1112635"]
[EventDate "2016.12.15"]

1. d4 Nf6 2. c4 b6 3. Nf3 Bb7 4. g3 e6 5. Bg2 Bb4+ 6. Bd2 a5 7. a3 Bxd2+ 8. Qxd2
O-O 9. Nc3 Ne4 10. Nxe4 Bxe4 11. O-O d6 12. Qf4 Bb7 13. Rfd1 Nd7 14. e4 Qf6 15.
Qxf6 gxf6 16. d5 a4 17. Nd4 Nc5 18. Rab1 Rfe8 19. Re1 Ba6 20. Bf1 Bc8 21. Bh3 e5
22. Nf5 Bxf5 23. Bxf5 b5 24. cxb5 Reb8 25. g4 Rxb5 26. Re3 Kg7 27. Rh3 h6 28.
Rc3 Rab8 29. Rc2 Rb3 30. h4 Rxa3 31. bxa3 Rxb1+ 32. Kg2 Rb3 33. Ra2 Kf8 34. f3
Ke7 35. Kg3 Nd3 36. g5 fxg5 37. hxg5 hxg5 38. Kg4 Ne1 39. Kxg5 Nxf3+ 40. Kh6 Nd4
41. Bg4 Re3 42. Rb2 Rxe4 0-1

[Event "European Rapid 2016"]
[Site "Tallinn EST"]
[Date "2016.12.15"]
[Round "1.23"]
[White "Fridman, Daniel"]
[Black "Ketlerius, Arijus"]
[Result "1-0"]
[WhiteTitle "GM"]
[WhiteElo "2596"]
[BlackElo "1818"]
[WhiteFideId "11600454"]
[BlackFideId "12825611"]
[EventDate "2016.12.15"]

1. Nf3 Nf6 2. c4 c5 3. d4 e6 4. g3 b6 5. d5 exd5 6. cxd5 d6 7. Bg2 g6 8. O-O Bg7
9. Nc3 O-O 10. Bf4 a6 11. a4 Qc7 12. Nd2 Nh5 13. Bg5 h6 14. Be3 Nd7 15. Nc4 Re8
16. Qd2 Kh7 17. g4 Nhf6 18. h3 Ne5 19. Nxe5 Rxe5 20. Bf4 Re8 21. e4 Nd7 22. Bg3
Rb8 23. f4 b5 24. axb5 axb5 25. e5 dxe5 26. d6 Qb6 27. f5 Nf6 28. fxg6+ fxg6 29.
Rxf6 Bxf6 30. d7 Bxd7 31. Qxd7+ Bg7 32. Ra7 Qf6 33. g5 hxg5 34. Ne4 Qf8 35.
Nxg5+ Kh8 36. Qg4 1-0

[Event "European Rapid 2016"]
[Site "Tallinn EST"]
[Date "2016.12.15"]
[Round "1.24"]
[White "Zavgorodniaya, Alena"]
[Black "Turov, Maxim"]
[Result "0-1"]
[BlackTitle "GM"]
[WhiteElo "2032"]
[BlackElo "2594"]
[WhiteFideId "4169956"]
[BlackFideId "4120086"]
[EventDate "2016.12.15"]

1. e4 c6 2. d4 d5 3. Nc3 dxe4 4. Nxe4 Nf6 5. Nxf6+ gxf6 6. c3 Qd5 7. Nf3 Rg8 8.
g3 Bf5 9. Bg2 Qc4 10. Bf4 Nd7 11. Qd2 Nb6 12. b3 Qe6+ 13. Be3 Bh3 14. O-O Nd5
15. c4 Bxg2 16. Kxg2 Nxe3+ 17. Qxe3 Qxe3 18. fxe3 e6 19. e4 a5 20. d5 Bc5 21.
Rfd1 Rg4 22. Nd2 Ke7 23. Kf3 h5 24. Nf1 Rg5 25. Ne3 Rag8 26. Rac1 h4 27. gxh4
Rh5 28. Ng2 Bd6 29. Rh1 f5 30. Rc2 fxe4+ 31. Kxe4 cxd5+ 32. cxd5 Rxd5 33. Rhc1
Bxh2 34. Ne3 Re5+ 35. Kd3 Rg3 36. Rxh2 Rexe3+ 37. Kd2 Rd3+ 38. Kc2 Rc3+ 39. Kb2
Rxc1 40. Kxc1 f5 41. h5 Rg7 42. Kd2 Kf6 43. Ke3 e5 44. Rd2 Rg3+ 45. Kf2 Rh3 46.
Rd6+ Kg5 47. Rd5 Kf4 48. Rxa5 Rxh5 49. Ra4+ e4 50. Ra5 Rh2+ 51. Kf1 Rb2 52. Rb5
Rxa2 0-1

[Event "European Rapid 2016"]
[Site "Tallinn EST"]
[Date "2016.12.15"]
[Round "1.25"]
[White "Rakhmanov, Aleksandr"]
[Black "Penttila, Tero"]
[Result "1-0"]
[WhiteTitle "GM"]
[WhiteElo "2667"]
[BlackElo "1969"]
[WhiteFideId "4173708"]
[BlackFideId "504068"]
[EventDate "2016.12.15"]

1. c4 e5 2. Nf3 Nc6 3. d4 exd4 4. Nxd4 Nxd4 5. Qxd4 Nf6 6. Nc3 Be7 7. g3 O-O 8.
Bg2 d6 9. b3 c6 10. Bb2 Be6 11. O-O Qc7 12. h3 Rfd8 13. e4 Ne8 14. Rac1 Bf6 15.
Qd2 g6 16. f4 Bg7 17. Ne2 f5 18. Nd4 Bxd4+ 19. Qxd4 Qg7 20. Qf2 Qf7 21. exf5
Bxf5 22. g4 Bd7 23. Rcd1 a6 24. Qd4 1-0

[Event "European Rapid 2016"]
[Site "Tallinn EST"]
[Date "2016.12.15"]
[Round "1.27"]
[White "Ponkratov, Pavel"]
[Black "Shapar, Tatiana"]
[Result "1-0"]
[WhiteTitle "GM"]
[WhiteElo "2607"]
[BlackElo "1984"]
[WhiteFideId "4157800"]
[BlackFideId "24174840"]
[EventDate "2016.12.15"]

1. e4 e5 2. Nf3 Nc6 3. Bb5 a6 4. Ba4 g6 5. c3 Bg7 6. d4 exd4 7. cxd4 b5 8. Bc2
Nge7 9. d5 Ne5 10. Nxe5 Bxe5 11. Bh6 d6 12. Nd2 f5 13. O-O Ng8 14. exf5 Qh4 15.
Nf3 Qxh6 16. Nxe5 dxe5 17. d6 Bxf5 18. Qd5 O-O-O 19. Rac1 Rxd6 20. Bxf5+ gxf5
21. Qa8+ Kd7 22. Qb7 Nf6 23. Rxc7+ Ke8 24. Rc8+ Rd8 25. Rxd8+ Kxd8 26. Qb8+ Ke7
27. Qxh8 Qd2 28. Qb8 Qxb2 29. Qb7+ Kf8 30. Qxa6 Kg7 31. Qe6 f4 32. Re1 e4 33.
Qd6 Qxa2 34. Qxf4 Qd5 35. h4 h6 36. Rc1 b4 37. Qb8 b3 38. Rb1 1-0

[Event "European Rapid 2016"]
[Site "Tallinn EST"]
[Date "2016.12.15"]
[Round "1.28"]
[White "Zhukov, Anton"]
[Black "Piorun, Kacper"]
[Result "0-1"]
[BlackTitle "GM"]
[WhiteElo "1888"]
[BlackElo "2657"]
[WhiteFideId "34187534"]
[BlackFideId "1130420"]
[EventDate "2016.12.15"]

1. d4 Nf6 2. c4 g6 3. Nc3 Bg7 4. Nf3 d6 5. g3 O-O 6. Bg2 Nc6 7. O-O Bf5 8. d5
Na5 9. Qa4 c5 10. dxc6 Nxc6 11. Rd1 Nd7 12. e4 Bg4 13. h3 Nc5 14. Qc2 Bxf3 15.
Bxf3 Nd4 16. Rxd4 Bxd4 17. Bh6 Bg7 18. Bxg7 Kxg7 19. Rd1 e5 20. Nb5 Qf6 21. Bg2
Ne6 22. Rxd6 Rfd8 23. Rd5 a6 24. Nc3 Nd4 25. Qd1 Rac8 26. b3 Qe7 27. Ne2 Ne6 28.
Qa1 f6 29. f4 exf4 30. Nxf4 Nxf4 31. gxf4 Rxd5 32. cxd5 Qc5+ 33. Kh2 Qe3 34. Qf1
Rc1 35. Qf3 Qg1+ 36. Kg3 Re1 37. Kh4 Re3 38. Qf1 Qxf1 39. Bxf1 h5 40. Bg2 Kh6
41. Bf3 Rxf3 0-1

[Event "European Rapid 2016"]
[Site "Tallinn EST"]
[Date "2016.12.15"]
[Round "1.29"]
[White "Potkin, Vladimir"]
[Black "Turu, Indrek"]
[Result "1-0"]
[WhiteTitle "GM"]
[WhiteElo "2597"]
[BlackElo "1929"]
[WhiteFideId "4131061"]
[BlackFideId "4503180"]
[EventDate "2016.12.15"]

1. c4 e5 2. Nc3 Nc6 3. Nf3 d6 4. g3 g6 5. d4 Bg7 6. d5 Nce7 7. Bg2 f5 8. Ng5 Nf6
9. O-O O-O 10. Qb3 h6 11. Ne6 Bxe6 12. dxe6 c6 13. Qxb7 e4 14. Rd1 Ng4 15. h3
Ne5 16. Qa6 Qc7 17. f4 exf3 18. exf3 g5 19. f4 gxf4 20. gxf4 N5g6 21. Be3 Kh7
22. Rd2 Rf6 23. Nb5 cxb5 24. Bxa8 Rxe6 25. Qxa7 Qxc4 26. Rf1 b4 27. Bh1 d5 28.
Qc5 Qxa2 29. Bd4 Qb3 30. Bxg7 Kxg7 31. Qd4+ Kh7 32. Qd3 Qa4 33. Bxd5 Rd6 34.
Bg8+ 1-0

[Event "European Rapid 2016"]
[Site "Tallinn EST"]
[Date "2016.12.15"]
[Round "1.30"]
[White "Sekhposjan, Marina"]
[Black "Grandelius, Nils"]
[Result "0-1"]
[BlackTitle "GM"]
[WhiteElo "2018"]
[BlackElo "2643"]
[WhiteFideId "4121104"]
[BlackFideId "1710400"]
[EventDate "2016.12.15"]

1. e4 c5 2. c3 Nf6 3. e5 Nd5 4. Nf3 e6 5. d4 cxd4 6. cxd4 b6 7. Nc3 Nxc3 8. bxc3
Qc7 9. Bd2 Bb7 10. Bd3 Be7 11. O-O d6 12. Qe2 Nd7 13. Rae1 dxe5 14. Nxe5 Nxe5
15. Qxe5 Qxe5 16. Rxe5 O-O 17. Rfe1 Rfc8 18. f4 Bd6 19. Rh5 g6 20. Rg5 Kf8 21.
h4 Be7 22. Rge5 Bxh4 23. R1e2 h5 24. f5 gxf5 25. Bh6+ Kg8 26. Kh2 Rxc3 27. R2e3
Rac8 28. Be2 Bf6 29. Rxc3 Bxe5+ 30. Rg3+ Bxg3+ 31. Kxg3 Kh7 32. Bf4 Rg8+ 33. Kh4
Rxg2 34. Bxh5 f6 35. Bb8 Kg7 36. Bxa7 Rh2+ 37. Kg3 Rxh5 38. Bxb6 e5 0-1

[Event "European Rapid 2016"]
[Site "Tallinn EST"]
[Date "2016.12.15"]
[Round "1.31"]
[White "Chigaev, Maksim"]
[Black "Grapmanis, Edgars"]
[Result "1-0"]
[WhiteTitle "GM"]
[WhiteElo "2531"]
[BlackElo "1947"]
[WhiteFideId "4108116"]
[BlackFideId "11604310"]
[EventDate "2016.12.15"]

1. e4 c5 2. Nf3 Nc6 3. Bb5 g6 4. Bxc6 bxc6 5. O-O Bg7 6. Re1 Nf6 7. e5 Nd5 8. c4
Nc7 9. d4 cxd4 10. Qxd4 O-O 11. Qh4 d5 12. Bh6 Ne6 13. Bxg7 Kxg7 14. Nc3 Nc7 15.
Rad1 e6 16. Qf4 Ba6 17. b3 Qe7 18. h4 Qb4 19. Rc1 Rfd8 20. h5 Rd7 21. Qh4 dxc4
22. Ne4 cxb3 23. h6+ Kh8 24. Qf6+ Kg8 25. Qg7# 1-0

[Event "European Rapid 2016"]
[Site "Tallinn EST"]
[Date "2016.12.15"]
[Round "1.32"]
[White "Sielicki, Tomasz"]
[Black "Zvjaginsev, Vadim"]
[Result "0-1"]
[BlackTitle "GM"]
[WhiteElo "1947"]
[BlackElo "2679"]
[WhiteFideId "1111400"]
[BlackFideId "4113403"]
[EventDate "2016.12.15"]

1. d4 g6 2. e4 Bg7 3. Nc3 d6 4. f4 Nf6 5. Nf3 O-O 6. e5 dxe5 7. dxe5 Qxd1+ 8.
Kxd1 Nh5 9. Bc4 Nc6 10. Be3 Bh6 11. Ne2 Ng7 12. Ned4 Nxd4 13. Nxd4 Rd8 14. Ke2
Bxf4 15. Rhf1 Bg4+ 16. Nf3 Bxe5 17. h3 Bxf3+ 18. Rxf3 e6 19. Raf1 Nf5 20. Bf2
Bxb2 21. g4 Nd4+ 22. Bxd4 Rxd4 23. Bd3 Rf8 24. Kd2 b6 25. c3 Rd7 26. Kc2 Ba3 27.
Bc4 Rfd8 28. Kb3 Bc5 29. Bb5 Re7 30. a4 Kg7 31. g5 Rd5 32. h4 Rf5 33. Bd3 Rxf3
34. Rxf3 h6 35. Kc4 hxg5 36. hxg5 Rd7 37. a5 Rd5 38. axb6 cxb6 39. Rg3 Be7 0-1